| 000 | 00814cam a22002535a 4500 | ||
|---|---|---|---|
| 001 | 12506224 | ||
| 005 | 20151103191028.0 | ||
| 008 | 010817t2001 xxc frb 001 0 eng d | ||
| 020 | _a1551111810 | ||
| 020 | _a9781551111810 | ||
| 040 |
_aCaOTU _beng _cNLC _dDLC _dEG-ScBUE |
||
| 043 | _an-cn--- | ||
| 082 | 0 | 4 |
_a302.230971 _222 _bNES |
| 100 | 1 |
_aNesbitt-Larking, Paul W. _d1954- _938655 _q(Paul Wingfield), |
|
| 245 | 1 | 0 |
_aPolitics, society, and the media : _bCanadian perspectives / _cPaul Nesbitt-Larking. |
| 260 |
_aToronto : _bBroadview Press, _cc.2001. |
||
| 300 |
_a423 p. ; _c23 cm. |
||
| 500 | _aIndex : p. 415-423. | ||
| 504 | _aBibliography : p. 399-413. | ||
| 650 | 0 |
_aMass media _xPolitical aspects _zCanada. _2BUEsh |
|
| 651 | _2BUEsh | ||
| 653 |
_bCOMAME _cAugust2015 _cNovember2015 |
||
| 942 | _2ddc | ||
| 999 |
_c20769 _d20741 |
||